| 000 -LEADER | |
|---|---|
| fixed length control field | 00440nam a22001697a 4500 |
| 005 - DATE AND TIME OF LATEST TRANSACTION | |
| control field | 20220709150059.0 |
| 008 - FIXED-LENGTH DATA ELEMENTS--GENERAL INFORMATION | |
| fixed length control field | 220709b ||||| |||| 00| 0 eng d |
| 020 ## - INTERNATIONAL STANDARD BOOK NUMBER | |
| ISBN | 978-93-94339-85-9 |
| 041 ## - LANGUAGE CODE | |
| Language code of text/sound track or separate title | eng |
| 100 ## - MAIN ENTRY--AUTHOR NAME | |
| Personal name | FAROOQI, DR. ATAUR RAHMAN AND OTHERS |
| 245 ## - TITLE STATEMENT | |
| Title | FINANCE MANAGEMENT: SUPPORTING THE BUSINESS |
| 250 ## - EDITION STATEMENT | |
| Edition statement | 1ST ED. |
| 260 ## - PUBLICATION, DISTRIBUTION, ETC. (IMPRINT) | |
| Place of publication | BHOPAL |
| Name of publisher | AGPH |
| Year of publication | 2022 |
| 300 ## - PHYSICAL DESCRIPTION | |
| Number of Pages | 220;p |
| 650 ## - SUBJECT ADDED ENTRY--TOPICAL TERM | |
| Topical Term | MANAGEMENT |
| 942 ## - ADDED ENTRY ELEMENTS (KOHA) | |
| Koha item type | Books |
| Lost status | Damaged status | Collection code | Home library | Current library | Shelving location | Date acquired | Source of acquisition | Cost, normal purchase price | Accession Number | Koha item type |
|---|---|---|---|---|---|---|---|---|---|---|
| MANAGEMENT | JRU Library | JRU Library | SHELF-59-L | 09/07/2022 | DONATION | 500.00 | 26843 | Books | ||
| MANAGEMENT | JRU Library | JRU Library | SHELF-41-D | 09/07/2022 | DONATION | 500.00 | 26844 | Books | ||
| MANAGEMENT | JRU Library | JRU Library | SHELF-59-L | 09/07/2022 | DONATION | 500.00 | 26845 | Books | ||
| MANAGEMENT | JRU Library | JRU Library | SHELF-59-L | 09/07/2022 | DONATION | 500.00 | 26846 | Books | ||
| MANAGEMENT | JRU Library | JRU Library | SHELF-41-F | 09/07/2022 | DONATION | 500.00 | 26847 | Books |